000
00284nam a2200109Ia 4500
008
200302s9999 xx 000 0 und d
100
_a
Jenny Lovell
245
_a
Building Envelopes An Integrated Approach
260
_b
Princeton Architectural Press
260
_c
2010
300
_a
152 P.,
999
_c
2945
_d
2945